000 00410nam a2200181Ia 4500
001 3727
005 20260306145704.0
008 260306t2017||||xx |||||||||||||| ||spa||
041 _aESP
082 _a302.2
_bF74
100 _aFontanille, Jacques
_eAUT
245 0 _aCuerpo y sentido
260 _c2017
300 _a233 páginas :
_c24 cm.
650 _aGEN
654 _aCED
942 _cLIB
_dJUS
_fJUS
_2ddc
_n
999 _c3727
_d3727